| 000 | 00366nam a2200145Ia 4500 | ||
|---|---|---|---|
| 008 | 210716s1990 xx 000 0 und d | ||
| 041 | _aeng | ||
| 082 | _a005.2 SUTG | ||
| 100 | _aSutty, George; Blair, Steve. | ||
| 245 | _aProgrammer's guide to the EGA/VGA. | ||
| 250 | _a1 | ||
| 260 |
_aNew Delhi _bBPB Publications _c1990 |
||
| 300 | _axiv,512 | ||
| 650 | _aNone | ||
| 999 |
_c181914 _d181914 |
||